000 00292nam a2200121Ia 4500
008 190216s9999||||xx |||||||||||||| ||und||
100 _aEdasseri Govindan Nair
245 0 _aKarutha Chettichikal
260 _bNational Book Stall
_c1978
300 _a103p
650 _aKavithkal
942 _cBK
999 _c26418
_d26418